| 000 | 02006nam0a2200385 4500 | ||
|---|---|---|---|
| 001 | RU\NLR\bibl\1300804 | ||
| 005 | 20260531064417.0 | ||
| 010 |
_a978-5-377-02180-3 _940000 |
||
| 021 |
_aRU _b2008-80527 _94679 |
||
| 035 | _a(NLR Aleph) 001286393 | ||
| 090 |
_a531482 _c531482 |
||
| 100 | _a20081201d2009 |||y0rusy50 ca | ||
| 101 | 0 |
_arus _aeng |
|
| 102 | _aRU | ||
| 105 | _aa ||||||||| | ||
| 200 | 1 |
_aВсе домашние работы за 10 класс _e[алгебра и начала анализа, русский язык, геометрия, английский язык, немецкий язык, химия, физика _eконтрольные работы, лабораторные опыты, практические занятия, рабочие теради и книги для чтения] _eучебно-методическое пособие _f[Ивашова О. Д. и др.] |
|
| 205 | _aИзд. 8-е, перераб. и испр. | ||
| 210 |
_aМосква _cЭкзамен _d2009 [т. е. 2008] |
||
| 215 |
_a766 с. _cил. _d17 |
||
| 225 | 1 | _aСерия "Все домашние работы" | |
| 225 | 1 | _aИсправили, дополнили, переработали! | |
| 225 | 1 | _aТолько для родителей! | |
| 300 | _aЗагл. обл. и корешка: Все домашние работы: 10 класс | ||
| 300 | _aЧасть текста на англ. яз. | ||
| 300 | _aКн. фактически издана в 2008 г. | ||
| 512 | 0 |
_aВсе домашние работы _e10 класс |
|
| 606 | 1 |
_aДомашние задания _jУчебно-методические пособия _xСредняя школа _92314657 _3RU\NLR\auth\661385089 |
|
| 686 | _aЧ421.265я7 | ||
| 702 | 1 |
_4220 _8rus _7ca _aИвашова _bО. Д. _gОлеся Дамировна _3RU\NLR\auth\7720253 _93321 |
|
| 801 | 0 |
_aRU _bNLR _c20081201 _gRCR |
|
| 801 | 1 |
_aRU _bNLR _c20081201 |
|
| 942 | _cBOOK | ||
| 980 | _aNB | ||